000 00615nam a2200109Ia 4500
008 171212s9999 xx 000 0 und d
245 _ceditor Oliner, Pearl;Oliner, Samuel P.;Baron, Lawrence;Blum, Lawrence
_aEmbracing the Other
_bPhilosophical, Psychological, and Historical Perspectives on Altruism
260 _bNew York University Press
_c1992
650 _aRighteous Gentiles in the Holocaust -- Psychology -- Congresses; World War, 1939-1945 -- Jews -- Rescue -- Congresses; Altruism -- Congresses; Motivation (Psychology) -- Congresses
650 _aSociology
856 _uhttp://www.jstor.org/stable/j.ctt9qg24m
999 _c351530
_d351530